[Event "Titled Tuesday intern op 28th Dec"]
[Site "Chess.com INT"]
[Date "2021.12.28"]
[Round "2"]
[White "Idrisov, Ildar F"]
[Black "Bashirli, Saadat"]
[Result "1-0"]
[WhiteElo "2282"]
[BlackElo "1395"]
[PlyCount "97"]
[EventDate "2021.12.28"]
[EventType "swiss (blitz)"]
[EventRounds "11"]
[EventCountry "USA"]
[SourceTitle "CBM 206 Extra"]
[Source "ChessBase"]
[SourceDate "2022.03.31"]
[SourceVersion "1"]
[SourceVersionDate "2022.03.31"]
[SourceQuality "1"]

1. Nf3 d5 2. b3 Nf6 3. Bb2 Nc6 4. e3 Bg4 5. d4 e6 6. Nbd2 Bb4 7. a3 Bxd2+ 8. Qxd2 Ne4 9. Qd1 Qf6 10. Be2 h5 11. h3 Bxf3 12. Bxf3 Qg5 13. O-O Ne7 14. c4 Nf5 15. Bxe4 dxe4 16. Kh1 Nh4 17. Rg1 Qf5 18. Qe1 Rh6 19. f3 Nxf3 20. Qg3 Rg6 21. Qxc7 Nxg1 22. Rxg1 Qf2 23. Bc3 Qxe3 24. Bb4 Qg5 25. Qxb7 Rd8 26. Qxe4 Qf6 27. d5 e5 28. Re1 Rg5 29. Bc3 Qf5 30. Bxe5 Qxe4 31. Rxe4 Kd7 32. Bd4 Re8 33. Rxe8 Kxe8 34. Bxa7 Rg3 35. b4 Rxa3 36. Bb6 Rb3 37. Ba5 Kd7 38. c5 Rd3 39. d6 Kc6 40. Kg1 f5 41. Kf2 g5 42. Ke2 Ra3 43. b5+ Kd7 44. Bc7 Ra2+ 45. Kd3 Ra3+ 46. Kd4 Ra1 47. c6+ Kc8 48. b6 Rd1+ 49. Ke5 1-0

[Event "Titled Tuesday intern op 28th Dec"]
[Site "Chess.com INT"]
[Date "2021.12.28"]
[Round "2"]
[White "Ismayil, Malak"]
[Black "Chincholimath, Halsagar"]
[Result "1-0"]
[WhiteElo "2058"]
[BlackElo "1754"]
[PlyCount "51"]
[EventDate "2021.12.28"]
[EventType "swiss (blitz)"]
[EventRounds "11"]
[EventCountry "USA"]
[SourceTitle "CBM 206 Extra"]
[Source "ChessBase"]
[SourceDate "2022.03.31"]
[SourceVersion "1"]
[SourceVersionDate "2022.03.31"]
[SourceQuality "1"]

1. e4 d5 2. exd5 Qxd5 3. Nc3 Qd8 4. Bc4 e6 5. Nf3 a6 6. d3 b5 7. Bb3 c5 8. a4 Bb7 9. axb5 axb5 10. Rxa8 Bxa8 11. Nxb5 Qa5+ 12. Nc3 Nf6 13. O-O Bd6 14. Bd2 Qb6 15. Qe2 O-O 16. h3 Nc6 17. Bg5 Nd7 18. Re1 Re8 19. Ne4 Bf8 20. Be3 h6 21. Qd2 Bb7 22. Qc3 Rd8 23. Ra1 e5 24. Qc4 Na5 25. Qxf7+ Kh7 26. Neg5+ 1-0

[Event "Titled Tuesday intern op 28th Dec"]
[Site "Chess.com INT"]
[Date "2021.12.28"]
[Round "2"]
[White "Jain, Naveen"]
[Black "Sloan, Julia Elizabeth"]
[Result "1-0"]
[WhiteElo "2032"]
[BlackElo "2087"]
[PlyCount "43"]
[EventDate "2021.12.28"]
[EventType "swiss (blitz)"]
[EventRounds "11"]
[EventCountry "USA"]
[SourceTitle "CBM 206 Extra"]
[Source "ChessBase"]
[SourceDate "2022.03.31"]
[SourceVersion "1"]
[SourceVersionDate "2022.03.31"]
[SourceQuality "1"]

1. c4 c5 2. g3 Nc6 3. Bg2 d6 4. Nc3 g6 5. a3 Bg7 6. Rb1 Bd7 7. b4 Rb8 8. Nf3 b6 9. O-O e6 10. Bb2 Nge7 11. Ne4 O-O 12. Bxg7 Kxg7 13. Nxd6 cxb4 14. axb4 f6 15. d4 e5 16. dxe5 fxe5 17. b5 Na5 18. Nxe5 Be6 19. Qd4 Nf5 20. Nxf5+ Bxf5 21. Nd7+ Kg8 22. Bd5+ 1-0

[Event "Titled Tuesday intern op 28th Dec"]
[Site "Chess.com INT"]
[Date "2021.12.28"]
[Round "2"]
[White "Jodorcovsky Werjivker, Paulo"]
[Black "Aggelis, Nikolaos"]
[Result "1-0"]
[WhiteElo "2213"]
[BlackElo "2284"]
[PlyCount "107"]
[EventDate "2021.12.28"]
[EventType "swiss (blitz)"]
[EventRounds "11"]
[EventCountry "USA"]
[SourceTitle "CBM 206 Extra"]
[Source "ChessBase"]
[SourceDate "2022.03.31"]
[SourceVersion "1"]
[SourceVersionDate "2022.03.31"]
[SourceQuality "1"]

1. e4 c5 2. Nc3 g6 3. f4 Bg7 4. Nf3 Nc6 5. Bc4 e6 6. O-O Nge7 7. d3 Nd4 8. Nxd4 cxd4 9. Ne2 O-O 10. Ng3 d5 11. exd5 Nxd5 12. Bxd5 Qxd5 13. Bd2 b5 14. Qf3 Bb7 15. Qxd5 Bxd5 16. c3 Rac8 17. Ne2 dxc3 18. Bxc3 Rfd8 19. Rfd1 Bb7 20. Kf2 Rd7 21. g3 b4 22. Bxg7 Kxg7 23. Ke3 Rc2 24. Rd2 Rxd2 25. Kxd2 Ba6 26. Nc1 Kf6 27. Ke3 Bb5 28. d4 Rc7 29. Kd2 Kf5 30. Nb3 Rc4 31. Re1 Ba4 32. Kd3 Bxb3 33. axb3 Rc7 34. h3 h5 35. Re5+ Kf6 36. Rb5 Rc1 37. Ke4 Re1+ 38. Kf3 Rf1+ 39. Kg2 Rb1 40. Rxb4 Rxb2+ 41. Kf3 Rh2 42. h4 Rd2 43. Ke4 Rg2 44. Kf3 Rd2 45. Ke3 Rb2 46. Rb7 a5 47. Rb5 a4 48. bxa4 Ra2 49. Rb4 Ra3+ 50. Kf2 Kf5 51. Rb5+ Kg4 52. a5 Rxg3 53. Rg5+ Kxf4 54. Rxg3 1-0

[Event "Titled Tuesday intern op 28th Dec"]
[Site "Chess.com INT"]
[Date "2021.12.28"]
[Round "2"]
[White "Jorquera Cahuin, Marcelo Joaquin"]
[Black "Lenaerts, Lennert"]
[Result "1-0"]
[WhiteElo "2233"]
[BlackElo "2352"]
[PlyCount "81"]
[EventDate "2021.12.28"]
[EventType "swiss (blitz)"]
[EventRounds "11"]
[EventCountry "USA"]
[SourceTitle "CBM 206 Extra"]
[Source "ChessBase"]
[SourceDate "2022.03.31"]
[SourceVersion "1"]
[SourceVersionDate "2022.03.31"]
[SourceQuality "1"]

1. e4 e5 2. Nc3 Ne7 3. g3 Nbc6 4. Bg2 g6 5. d3 Bg7 6. Be3 d6 7. Qd2 Be6 8. Bh6 Bxh6 9. Qxh6 Qd7 10. Qd2 d5 11. exd5 Nxd5 12. Nge2 O-O-O 13. O-O-O Nd4 14. Nxd5 Bxd5 15. Bxd5 Qxd5 16. Nc3 Qc6 17. Kb1 Kb8 18. f4 exf4 19. Qxf4 f5 20. Rde1 g5 21. Qf2 b5 22. a3 a5 23. Na2 Kb7 24. Rhf1 Rhf8 25. Nc1 h6 26. c3 Ne6 27. d4 f4 28. Nd3 fxg3 29. Qxg3 Rxf1 30. Rxf1 Qe4 31. Re1 Qg6 32. Rxe6 Qf5 33. Ka1 Rd5 34. Re5 Qf1+ 35. Ka2 Rd6 36. Qe3 Rb6 37. Qe4+ Ka7 38. Re7 Rb7 39. Nc5 Qc4+ 40. b3 Qxc3 41. Qxb7# 1-0

[Event "Titled Tuesday intern op 28th Dec"]
[Site "Chess.com INT"]
[Date "2021.12.28"]
[Round "2"]
[White "Kabanova, Ekaterina"]
[Black "Korchmar, Vasiliy"]
[Result "0-1"]
[WhiteElo "2138"]
[BlackElo "2450"]
[PlyCount "78"]
[EventDate "2021.12.28"]
[EventType "swiss (blitz)"]
[EventRounds "11"]
[EventCountry "USA"]
[SourceTitle "CBM 206 Extra"]
[Source "ChessBase"]
[SourceDate "2022.03.31"]
[SourceVersion "1"]
[SourceVersionDate "2022.03.31"]
[SourceQuality "1"]

1. c4 c6 2. e3 d5 3. a3 Nf6 4. Qc2 Bg4 5. b4 Nbd7 6. Bb2 e5 7. h3 Bh5 8. d3 Bd6 9. Nd2 O-O 10. Ngf3 Qe7 11. c5 Bc7 12. e4 Rfe8 13. Be2 Nf8 14. O-O Ne6 15. g3 Rad8 16. Rfe1 dxe4 17. dxe4 Nd4 18. Qc4 Nxe4 19. Bxd4 exd4 20. Bd3 Nxd2 21. Rxe7 Nxf3+ 22. Kg2 Rxe7 23. g4 Ne5 24. Qc2 Nxd3 25. Qxd3 Bg6 26. Qd1 d3 27. Ra2 Bf4 28. Kf3 Rd4 29. h4 h5 30. Kg2 hxg4 31. Qxg4 d2 32. Ra1 Be4+ 33. f3 Bc2 34. Qc8+ Kh7 35. h5 Re2+ 36. Kh3 f5 37. Rh1 d1=Q 38. Qxf5+ Bxf5+ 39. Kh4 Qxh1# 0-1

[Event "Titled Tuesday intern op 28th Dec"]
[Site "Chess.com INT"]
[Date "2021.12.28"]
[Round "2"]
[White "Kamsky, Gata"]
[Black "Silva, Miguel Antonio Neto"]
[Result "1-0"]
[WhiteElo "2657"]
[BlackElo "2233"]
[PlyCount "103"]
[EventDate "2021.12.28"]
[EventType "swiss (blitz)"]
[EventRounds "11"]
[EventCountry "USA"]
[SourceTitle "CBM 206 Extra"]
[Source "ChessBase"]
[SourceDate "2022.03.31"]
[SourceVersion "1"]
[SourceVersionDate "2022.03.31"]
[SourceQuality "1"]

1. e4 e5 2. Nf3 Nc6 3. Bb5 Nf6 4. O-O Nxe4 5. Re1 Nd6 6. Nxe5 Be7 7. Bf1 Nxe5 8. Rxe5 O-O 9. d4 Bf6 10. Re1 Re8 11. c3 Rxe1 12. Qxe1 Ne8 13. d5 d6 14. Bd3 g6 15. Nd2 c6 16. Nb3 Ng7 17. Nd4 Bxd4 18. cxd4 cxd5 19. Qb4 Bf5 20. Bf1 Qb6 21. Qxb6 axb6 22. Be3 h5 23. a3 Rc8 24. Rc1 Rxc1 25. Bxc1 Ne6 26. Be3 f6 27. f3 Kf7 28. Kf2 Bc2 29. Ke1 Bb3 30. Bd3 f5 31. g3 Bc4 32. Bc2 Ba6 33. Ba4 Ke7 34. h4 Bd3 35. Kd2 Bf1 36. Bc2 Bc4 37. g4 hxg4 38. fxg4 fxg4 39. Bxg6 g3 40. Ke1 Kf6 41. Bc2 Ng7 42. Bg5+ Kf7 43. Bf4 g2 44. Kf2 Bf1 45. Bxd6 Ne6 46. Be5 Nf8 47. h5 Ne6 48. h6 Ng5 49. Bf5 g1=Q+ 50. Kxg1 Bh3 51. Bc2 Ne4 52. Bxe4 1-0

[Event "Titled Tuesday intern op 28th Dec"]
[Site "Chess.com INT"]
[Date "2021.12.28"]
[Round "2"]
[White "Karavaeva, Olga"]
[Black "Yedidia, Daniel"]
[Result "1-0"]
[WhiteElo "2260"]
[BlackElo "1991"]
[PlyCount "91"]
[EventDate "2021.12.28"]
[EventType "swiss (blitz)"]
[EventRounds "11"]
[EventCountry "USA"]
[SourceTitle "CBM 206 Extra"]
[Source "ChessBase"]
[SourceDate "2022.03.31"]
[SourceVersion "1"]
[SourceVersionDate "2022.03.31"]
[SourceQuality "1"]

1. c4 e5 2. Nc3 Nf6 3. g3 Bb4 4. Nd5 Nc6 5. Bg2 O-O 6. e3 d6 7. Ne2 Re8 8. O-O Bg4 9. h3 Bh5 10. a3 Bc5 11. b4 Bb6 12. Bb2 Nxd5 13. cxd5 Ne7 14. f4 f6 15. g4 Bf7 16. fxe5 fxe5 17. Nc3 Rf8 18. Kh2 Qd7 19. Qe2 Rae8 20. Rf2 Bg6 21. Raf1 Qd8 22. Na4 Rxf2 23. Rxf2 Rf8 24. Nxb6 axb6 25. e4 Rxf2 26. Qxf2 Qf8 27. Kg3 Be8 28. d4 Ng6 29. Qxf8+ Kxf8 30. dxe5 dxe5 31. h4 h5 32. gxh5 Nf4 33. Bxe5 Nd3 34. Bc3 Bxh5 35. Bf3 Bg6 36. e5 Ke7 37. h5 Bf5 38. e6 g5 39. h6 Nf4 40. Bg4 Bg6 41. Bd2 Nxd5 42. Bxg5+ Ke8 43. Kh4 Nc3 44. Bh5 Bxh5 45. Kxh5 Nb1 46. h7 1-0

[Event "Titled Tuesday intern op 28th Dec"]
[Site "Chess.com INT"]
[Date "2021.12.28"]
[Round "2"]
[White "Kim, Sergey2"]
[Black "Andersson, Bjorn2"]
[Result "1-0"]
[WhiteElo "2295"]
[BlackElo "2129"]
[PlyCount "43"]
[EventDate "2021.12.28"]
[EventType "swiss (blitz)"]
[EventRounds "11"]
[EventCountry "USA"]
[SourceTitle "CBM 206 Extra"]
[Source "ChessBase"]
[SourceDate "2022.03.31"]
[SourceVersion "1"]
[SourceVersionDate "2022.03.31"]
[SourceQuality "1"]

1. d4 c5 2. d5 d6 3. c4 g6 4. Nc3 Bg7 5. e4 Nf6 6. Nge2 O-O 7. Ng3 Na6 8. Be2 Nc7 9. a4 a6 10. O-O Bd7 11. Bf4 b5 12. Qd2 bxa4 13. Bh6 Rb8 14. Bxg7 Kxg7 15. f4 e5 16. fxe5 dxe5 17. Qg5 Qe7 18. Rxf6 Rbe8 19. d6 Ne6 20. dxe7 Nxg5 21. exf8=Q+ Kxf8 22. Raf1 1-0

[Event "Titled Tuesday intern op 28th Dec"]
[Site "Chess.com INT"]
[Date "2021.12.28"]
[Round "2"]
[White "Kubatko, Ivan"]
[Black "Grineva, Marianna"]
[Result "1-0"]
[WhiteElo "2257"]
[BlackElo "1973"]
[PlyCount "75"]
[EventDate "2021.12.28"]
[EventType "swiss (blitz)"]
[EventRounds "11"]
[EventCountry "USA"]
[SourceTitle "CBM 206 Extra"]
[Source "ChessBase"]
[SourceDate "2022.03.31"]
[SourceVersion "1"]
[SourceVersionDate "2022.03.31"]
[SourceQuality "1"]

1. e4 c5 2. c3 d5 3. exd5 Qxd5 4. d4 Bf5 5. Nf3 Nf6 6. Be3 cxd4 7. Nxd4 Bxb1 8. Qxb1 Nbd7 9. c4 Qa5+ 10. b4 Qe5 11. Be2 g6 12. Qb3 Bg7 13. Rd1 O-O 14. O-O Nb6 15. Bf3 Rab8 16. Rfe1 Rfc8 17. Nb5 Nxc4 18. Bxa7 Qxb5 19. Bxb8 Rxb8 20. Be2 Rc8 21. Rc1 e6 22. Bxc4 Qd7 23. Red1 Qe7 24. a3 Bh6 25. Rc2 Ng4 26. h3 Ne5 27. Bd3 Rxc2 28. Qxc2 Qf6 29. Be4 Bf4 30. Bxb7 h5 31. Qe4 Bh6 32. a4 Bf8 33. a5 g5 34. a6 g4 35. a7 gxh3 36. a8=Q hxg2 37. Qxg2+ Ng4 38. Bf3 1-0

[Event "Titled Tuesday intern op 28th Dec"]
[Site "Chess.com INT"]
[Date "2021.12.28"]
[Round "2"]
[White "Lauridsen, Jesper Morck"]
[Black "Yuan, Qingyu"]
[Result "0-1"]
[WhiteElo "2215"]
[BlackElo "2373"]
[PlyCount "80"]
[EventDate "2021.12.28"]
[EventType "swiss (blitz)"]
[EventRounds "11"]
[EventCountry "USA"]
[SourceTitle "CBM 206 Extra"]
[Source "ChessBase"]
[SourceDate "2022.03.31"]
[SourceVersion "1"]
[SourceVersionDate "2022.03.31"]
[SourceQuality "1"]

1. e4 c6 2. d4 d5 3. exd5 cxd5 4. c4 Nf6 5. Nc3 Nc6 6. Nf3 a6 7. cxd5 Nxd5 8. Bc4 e6 9. O-O Be7 10. Re1 O-O 11. Be3 Nxe3 12. Rxe3 b5 13. Bb3 Na5 14. Ne5 Nxb3 15. Nc6 Qc7 16. Nxe7+ Qxe7 17. axb3 Bb7 18. d5 Rad8 19. Qh5 g6 20. Qh6 Bxd5 21. Rxa6 Bxb3 22. h4 Bd5 23. Ra1 Bc6 24. Ne2 Qf6 25. Nf4 Qxb2 26. Rae1 Qg7 27. Qg5 h6 28. Qg3 b4 29. Re5 Rd1 30. Kh2 Rxe1 31. Rxe1 Rc8 32. h5 g5 33. Nd3 Qd4 34. Ne5 Bd5 35. Nxf7 Kxf7 36. Re3 Qh4+ 37. Qxh4 gxh4 38. Kh3 b3 39. Kxh4 b2 40. Re1 Rc1 0-1

[Event "Titled Tuesday intern op 28th Dec"]
[Site "Chess.com INT"]
[Date "2021.12.28"]
[Round "2"]
[White "Le, Tuan Minh"]
[Black "Mitusov, Semen"]
[Result "1/2-1/2"]
[WhiteElo "2514"]
[BlackElo "2304"]
[PlyCount "94"]
[EventDate "2021.12.28"]
[EventType "swiss (blitz)"]
[EventRounds "11"]
[EventCountry "USA"]
[SourceTitle "CBM 206 Extra"]
[Source "ChessBase"]
[SourceDate "2022.03.31"]
[SourceVersion "1"]
[SourceVersionDate "2022.03.31"]
[SourceQuality "1"]

1. d4 d5 2. Nf3 Nf6 3. Bf4 Bf5 4. c4 e6 5. Nc3 c6 6. Qb3 Qb6 7. c5 Qxb3 8. axb3 Na6 9. Ra4 Nd7 10. e3 Naxc5 11. dxc5 Nxc5 12. Ra3 Nd7 13. Ra1 Nc5 14. Nd4 Bg6 15. b4 Nd7 16. Nf3 Bxb4 17. Be2 O-O 18. O-O f6 19. Bg3 e5 20. Rfd1 Rfd8 21. Nd2 a5 22. f3 b5 23. Be1 a4 24. Nf1 Ba5 25. Rac1 Nb6 26. Na2 Bxe1 27. Rxe1 Nc4 28. Bxc4 bxc4 29. e4 Rdb8 30. Re2 a3 31. bxa3 Rxa3 32. Ne3 Bf7 33. Nf5 d4 34. Ne7+ Kf8 35. Nxc6 Rb6 36. Ncb4 c3 37. Nd5 Bxd5 38. exd5 Rb2 39. Nxc3 dxc3 40. Re3 Raa2 41. Rexc3 Rxg2+ 42. Kh1 Rxh2+ 43. Kg1 Rag2+ 44. Kf1 Rf2+ 45. Kg1 Rfg2+ 46. Kf1 Rf2+ 47. Kg1 Rfg2+ 1/2-1/2

[Event "Titled Tuesday intern op 28th Dec"]
[Site "Chess.com INT"]
[Date "2021.12.28"]
[Round "2"]
[White "Le Goff, Ronan"]
[Black "Iljushina, Olga"]
[Result "1-0"]
[WhiteElo "2280"]
[BlackElo "2054"]
[PlyCount "109"]
[EventDate "2021.12.28"]
[EventType "swiss (blitz)"]
[EventRounds "11"]
[EventCountry "USA"]
[SourceTitle "CBM 206 Extra"]
[Source "ChessBase"]
[SourceDate "2022.03.31"]
[SourceVersion "1"]
[SourceVersionDate "2022.03.31"]
[SourceQuality "1"]

1. d4 Nf6 2. Nf3 e6 3. Bf4 d5 4. Nbd2 c5 5. e3 cxd4 6. exd4 Nc6 7. c3 Bd6 8. Bg5 h6 9. Bh4 Ne7 10. Bb5+ Bd7 11. Qa4 a6 12. Bxd7+ Qxd7 13. Qxd7+ Nxd7 14. Bxe7 Kxe7 15. O-O b5 16. a3 a5 17. Rfe1 Rhb8 18. b4 a4 19. Re3 Rc8 20. Rc1 Rc7 21. Ne1 Nb6 22. Nd3 Nc4 23. Nxc4 Rxc4 24. f4 g6 25. g3 Rac8 26. Nc5 Bxc5 27. bxc5 f6 28. Rb1 Rb8 29. Kf2 Kd7 30. Ke2 e5 31. fxe5 fxe5 32. Rxe5 Rxc3 33. Rxd5+ Kc7 34. Rd6 Rc2+ 35. Kd3 Rxh2 36. Rxg6 Ra2 37. Rf1 Rxa3+ 38. Ke4 Re8+ 39. Kd5 Rd8+ 40. Rd6 Rxd6+ 41. cxd6+ Kd7 42. Rf7+ Kd8 43. Rg7 b4 44. d7 Rd3 45. Kc6 Rxd4 46. Rg8+ Ke7 47. Re8+ Kf7 48. d8=Q Rxd8 49. Rxd8 b3 50. Rb8 Ke6 51. Rb4 Ke5 52. Kc5 Kf5 53. Kd5 h5 54. Rf4+ Kg5 55. Rxa4 1-0

[Event "Titled Tuesday intern op 28th Dec"]
[Site "Chess.com INT"]
[Date "2021.12.28"]
[Round "2"]
[White "Levitsky, Andrey"]
[Black "Visakh, Narayanan Rajeswari"]
[Result "0-1"]
[WhiteElo "2329"]
[BlackElo "2515"]
[PlyCount "124"]
[EventDate "2021.12.28"]
[EventType "swiss (blitz)"]
[EventRounds "11"]
[EventCountry "USA"]
[SourceTitle "CBM 206 Extra"]
[Source "ChessBase"]
[SourceDate "2022.03.31"]
[SourceVersion "1"]
[SourceVersionDate "2022.03.31"]
[SourceQuality "1"]

1. e4 c6 2. Nf3 d5 3. exd5 cxd5 4. Ne5 Nc6 5. d4 Nf6 6. Bb5 Bd7 7. Nxd7 Qxd7 8. c3 e6 9. O-O Bd6 10. Re1 O-O 11. Nd2 Rfe8 12. h3 a6 13. Bd3 e5 14. dxe5 Nxe5 15. Bc2 Bc5 16. Nb3 Ba7 17. Bg5 Qd6 18. Nd4 h6 19. Bf4 Nfd7 20. Qh5 Qf6 21. Bg3 Bxd4 22. cxd4 Nc6 23. Qxd5 Nb6 24. Qf5 Qxf5 25. Bxf5 Nxd4 26. Be4 Nc6 27. Rac1 Re6 28. Bxc6 Rxe1+ 29. Rxe1 bxc6 30. Rc1 Rc8 31. b3 Nd5 32. Rc5 f5 33. Be5 Kf7 34. f4 g5 35. g3 Ke6 36. Kf2 gxf4 37. gxf4 h5 38. Rc1 Nb4 39. Ke3 Rg8 40. a3 Rg3+ 41. Ke2 Rg2+ 42. Kf3 Rc2 43. Rg1 Nd3 44. Rg6+ Ke7 45. Ke3 Nxe5 46. fxe5 Rc3+ 47. Kf4 Rxb3 48. Rxc6 Rxa3 49. Kxf5 Rf3+ 50. Ke4 Rxh3 51. Rxa6 Rh1 52. Ra7+ Kf8 53. Rh7 Kg8 54. Rc7 h4 55. Kf5 h3 56. e6 h2 57. Rc8+ Kg7 58. Rc7+ Kh6 59. e7 Rf1+ 60. Ke6 h1=Q 61. e8=Q Re1+ 62. Kd7 Qd5+ 0-1

[Event "Titled Tuesday intern op 28th Dec"]
[Site "Chess.com INT"]
[Date "2021.12.28"]
[Round "2"]
[White "Levkov, Daniel"]
[Black "Golizadeh, Asghar"]
[Result "0-1"]
[WhiteElo "1974"]
[BlackElo "2455"]
[PlyCount "66"]
[EventDate "2021.12.28"]
[EventType "swiss (blitz)"]
[EventRounds "11"]
[EventCountry "USA"]
[SourceTitle "CBM 206 Extra"]
[Source "ChessBase"]
[SourceDate "2022.03.31"]
[SourceVersion "1"]
[SourceVersionDate "2022.03.31"]
[SourceQuality "1"]

1. e4 c5 2. b3 Nc6 3. Bb2 d6 4. f4 Nf6 5. Nc3 g6 6. Nf3 Bg7 7. g3 Nxe4 8. Nxe4 Bxb2 9. Rb1 Bg7 10. Bg2 O-O 11. O-O Bf5 12. d3 Rc8 13. Nh4 Nd4 14. Nxf5 Nxf5 15. Re1 Bd4+ 16. Kh1 Ne3 17. Qd2 Nxg2 18. Kxg2 b5 19. h4 Bg7 20. h5 c4 21. dxc4 bxc4 22. hxg6 hxg6 23. Rh1 cxb3 24. axb3 Qc7 25. c4 Qc6 26. Qd5 Qb6 27. Rh4 e6 28. Qxd6 Qb7 29. Qd3 f5 30. Re1 Rfd8 31. Qe2 Qxe4+ 32. Qxe4 fxe4 33. Rxe4 Kf7 0-1

[Event "Titled Tuesday intern op 28th Dec"]
[Site "Chess.com INT"]
[Date "2021.12.28"]
[Round "2"]
[White "Makhmudov, Shukhrat"]
[Black "Titus, Andrew L"]
[Result "0-1"]
[WhiteElo "2115"]
[BlackElo "2161"]
[PlyCount "54"]
[EventDate "2021.12.28"]
[EventType "swiss (blitz)"]
[EventRounds "11"]
[EventCountry "USA"]
[SourceTitle "CBM 206 Extra"]
[Source "ChessBase"]
[SourceDate "2022.03.31"]
[SourceVersion "1"]
[SourceVersionDate "2022.03.31"]
[SourceQuality "1"]

1. e4 c5 2. Nf3 d6 3. d4 cxd4 4. Nxd4 Nf6 5. Nc3 a6 6. h3 e6 7. Be2 Nbd7 8. O-O b5 9. a3 Bb7 10. Bf3 Qc7 11. Bg5 Be7 12. Re1 O-O 13. Bh4 Ne5 14. Bg3 Nc4 15. Ra2 Nxb2 16. Rxb2 Qxc3 17. Rb3 Qc7 18. e5 dxe5 19. Bxe5 Qc8 20. Bxb7 Qxb7 21. c4 b4 22. axb4 Bxb4 23. Bxf6 gxf6 24. Qg4+ Kh8 25. Qh4 Rg8 26. Qxf6+ Rg7 27. Ree3 Qxg2# 0-1

[Event "Titled Tuesday intern op 28th Dec"]
[Site "Chess.com INT"]
[Date "2021.12.28"]
[Round "2"]
[White "Maksimovic, Bojan"]
[Black "Petrova, Irina"]
[Result "1-0"]
[WhiteElo "2451"]
[BlackElo "2141"]
[PlyCount "87"]
[EventDate "2021.12.28"]
[EventType "swiss (blitz)"]
[EventRounds "11"]
[EventCountry "USA"]
[SourceTitle "CBM 206 Extra"]
[Source "ChessBase"]
[SourceDate "2022.03.31"]
[SourceVersion "1"]
[SourceVersionDate "2022.03.31"]
[SourceQuality "1"]

1. d4 d6 2. e4 Nf6 3. Nc3 e5 4. Nf3 Nbd7 5. Bc4 Be7 6. O-O O-O 7. Re1 c6 8. a4 h6 9. h3 Re8 10. Be3 Bf8 11. Ba2 exd4 12. Bxd4 Qc7 13. Qd2 Ne5 14. Qf4 Nxf3+ 15. Qxf3 Nh7 16. Rad1 Be6 17. Bxe6 Rxe6 18. Ne2 Ng5 19. Qf5 g6 20. Qf4 Rxe4 21. Qf6 Rxd4 22. Nxd4 Bg7 23. Qe7 Qb6 24. c3 d5 25. Qb4 Ne4 26. Qa3 Rf8 27. a5 Qc7 28. a6 Qf4 29. f3 Ng5 30. axb7 Nxh3+ 31. gxh3 Bxd4+ 32. cxd4 Qg3+ 33. Kf1 Qxh3+ 34. Ke2 Qg2+ 35. Kd3 Qxf3+ 36. Kc2 Qf2+ 37. Kb1 Rb8 38. Qxa7 Qf5+ 39. Ka1 Qf4 40. Re5 Rxb7 41. Qxb7 Qf3 42. Rde1 Qd3 43. Re8+ Kg7 44. R8e7 1-0

[Event "Titled Tuesday intern op 28th Dec"]
[Site "Chess.com INT"]
[Date "2021.12.28"]
[Round "2"]
[White "Manukyan, Sargis A"]
[Black "Tsyhanchuk, Stanislav"]
[Result "1-0"]
[WhiteElo "2113"]
[BlackElo "2283"]
[PlyCount "57"]
[EventDate "2021.12.28"]
[EventType "swiss (blitz)"]
[EventRounds "11"]
[EventCountry "USA"]
[SourceTitle "CBM 206 Extra"]
[Source "ChessBase"]
[SourceDate "2022.03.31"]
[SourceVersion "1"]
[SourceVersionDate "2022.03.31"]
[SourceQuality "1"]

1. e4 c5 2. Nf3 Nc6 3. Nc3 e5 4. a3 Be7 5. Bc4 Nf6 6. d3 O-O 7. h3 d6 8. O-O Be6 9. Nd5 a6 10. Ba2 h6 11. c3 b5 12. Be3 Kh8 13. Qd2 Nh7 14. b4 cxb4 15. axb4 f5 16. Nb6 Bxa2 17. Nxa8 Be6 18. exf5 Bxf5 19. Rxa6 Qc8 20. Rfa1 Bxh3 21. Ne1 Ng5 22. Nb6 Qg4 23. Bxg5 Bxg5 24. Qd1 Qh4 25. Qe2 Bg4 26. f3 Nd4 27. cxd4 exd4 28. Nd5 Bh5 29. Ra8 1-0

[Event "Titled Tuesday intern op 28th Dec"]
[Site "Chess.com INT"]
[Date "2021.12.28"]
[Round "2"]
[White "Martinez Reyes, Pedro Ramon"]
[Black "Vlassov, Nikolai"]
[Result "0-1"]
[WhiteElo "2406"]
[BlackElo "2294"]
[PlyCount "134"]
[EventDate "2021.12.28"]
[EventType "swiss (blitz)"]
[EventRounds "11"]
[EventCountry "USA"]
[SourceTitle "CBM 206 Extra"]
[Source "ChessBase"]
[SourceDate "2022.03.31"]
[SourceVersion "1"]
[SourceVersionDate "2022.03.31"]
[SourceQuality "1"]

1. e4 c5 2. Nf3 d6 3. d4 cxd4 4. Nxd4 Nf6 5. Nc3 g6 6. Be2 Bg7 7. O-O O-O 8. Nb3 Nc6 9. Bg5 Be6 10. Re1 a5 11. a4 Nb4 12. Nd4 Rc8 13. Nxe6 fxe6 14. Bf1 h6 15. Be3 d5 16. exd5 exd5 17. Bd4 Qd7 18. h3 Rf7 19. Bd3 Nxd3 20. Qxd3 Qf5 21. Qb5 Qxc2 22. Qxb7 Rc4 23. Bxf6 Bxf6 24. Nxd5 Bd4 25. Rxe7 Qxf2+ 26. Kh1 Rc2 27. Re8+ Kg7 28. Ne7 Rxb2 29. Qe4 Qf1+ 30. Rxf1 Rxf1+ 31. Kh2 Bg1+ 32. Kg3 Rb3+ 33. Kg4 h5+ 34. Kh4 Bf2+ 35. Kg5 Be3+ 36. Kh4 Rf4+ 37. Qxf4 Bxf4 38. Rg8+ Kf7 39. Rxg6 Kxe7 40. Kxh5 Bd6 41. Rg7+ Ke6 42. Ra7 Bb4 43. h4 Rg3 44. Ra6+ Kf5 45. Ra8 Bc3 46. Rf8+ Bf6 47. Kh6 Rxg2 48. h5 Ke6 49. Kh7 Rg7+ 50. Kh6 Rg4 51. Ra8 Rxa4 52. Kh7 Bc3 53. h6 Rg4 54. Re8+ Kd5 55. Rd8+ Kc4 56. Rc8+ Kb3 57. Rb8+ Bb4 58. Ra8 a4 59. Ra6 a3 60. Ra8 a2 61. Ra7 Ba3 62. Rb7+ Rb4 63. Rg7 a1=Q 64. Rg3+ Ka4 65. Rg4 Qb1+ 66. Kh8 Rxg4 67. h7 Bb2# 0-1

[Event "Titled Tuesday intern op 28th Dec"]
[Site "Chess.com INT"]
[Date "2021.12.28"]
[Round "2"]
[White "Matthiesen, Martin"]
[Black "Pershina, Elena"]
[Result "1-0"]
[WhiteElo "2320"]
[BlackElo "2114"]
[PlyCount "73"]
[EventDate "2021.12.28"]
[EventType "swiss (blitz)"]
[EventRounds "11"]
[EventCountry "USA"]
[SourceTitle "CBM 206 Extra"]
[Source "ChessBase"]
[SourceDate "2022.03.31"]
[SourceVersion "1"]
[SourceVersionDate "2022.03.31"]
[SourceQuality "1"]

1. d4 e6 2. c4 d5 3. Nf3 Nf6 4. Nc3 c6 5. e3 Be7 6. Bd3 O-O 7. O-O dxc4 8. Bxc4 c5 9. Qe2 cxd4 10. exd4 Nc6 11. Rd1 Nd5 12. a3 Bf6 13. Qe4 Nce7 14. Ng5 g6 15. Qh4 Bxg5 16. Bxg5 f6 17. Bc1 Nf5 18. Qe4 Nxc3 19. bxc3 Re8 20. Ba2 Kg7 21. c4 Qc7 22. Bb2 Bd7 23. Rac1 Bc6 24. Qg4 h5 25. Qh3 Qf4 26. d5 exd5 27. cxd5 Bb5 28. Re1 Rad8 29. Qb3 a6 30. g3 Qd6 31. a4 Bd7 32. Rxe8 Rxe8 33. Ba3 Qb8 34. Qb6 Bxa4 35. Rc7+ Kh6 36. Bc1+ g5 37. Qxf6# 1-0